000 02044cam a2200157 4500500
005 20260329023241.0
041 _afre
042 _adc
100 1 0 _aMigreurop
_eauthor
700 1 0 _aMigreurop
_eauthor
700 1 0 _aCasella Colombeau, Sara
_eauthor
245 0 0 _aAtlas des migrations dans le monde : Libertés de circulation, frontières et inégalités
260 _bArmand Colin,
_c2022.
520 _aCe nouvel atlas du collectif Migreurop propose un traitement original et éclairant des enjeux migratoires contemporains en interrogeant une question forte : la liberté de circulation. Cette notion, soit présentée tel un slogan pour contester les politiques migratoires, soit brandie pour dénigrer toute tentative de penser ces politiques hors du strict contrôle migratoire, fait en effet l’objet d’un traitement très clivant dans l’espace public. Cet ouvrage propose une prise de recul nécessaire en apportant à des éléments à la fois théoriques et tirés de l'expérience vécue des migrants : mise en perspective des dynamiques historiques de la liberté de circulation, présentation des grands espaces de circulation existants, les migrations humaines au regard des migrations de capitaux et marchandises, les formes de circulation mises en oeuvre par les migrants eux-mêmes, les imaginaires contradictoires sur le fait migratoire. Chaque partie est constituée d'une dizaine de planches faisant dialoguer des textes d'experts avec une iconographie riche et créative (cartes, dessins, photographies), et alternant des thématiques "classiques" aux sujets les plus actuels (pandémie, circulation des données, migrations des femmes, écologie...). Dans un paysage politique et médiatique qui place au centre de l’attention les entraves aux mouvements, cet atlas vient ainsi contribuer aux débats sur le futur des politiques migratoires, et ouvrir le champ des possibles.
856 4 1 _uhttps://shs.cairn.info/atlas-des-migrations-dans-le-monde--9782200632823?lang=fr&redirect-ssocas=7080
999 _c1925800
_d1925800